=LDR 00000nam 2200000 4500 =001 INLIS000000000019208 =005 20130612114312 =008 ***********************************Ind** =035 ##$$0010-061300000019208 =041 ##$$a Ind =082 ##$$a F Rom D =090 ##$$a F Rom D, Sid h =100 ##$$a Sidharta, MS. Nurma =245 ##$$a Hari esok masih panjang, MS Norma Sidharta =260 ##$$a 2002 $b Jakarta =300 ##$$a 656 hlm, 20 cm =650 ##$$a Fiksi Dewasa =850 ##$$a NBPNMAT =990 ##$$a 0001/BPAP-NTB/2016 =990 ##$$a 1343713437 =990 ##$$a 01201713437 =990 ##$$a 0001/BPAP-NTB/2016